000 00329nam a22001337a 4500
003 OSt
005 20231127142702.0
008 231127b |||||||| |||| 00| 0 eng d
040 _cCO-JMCR
082 _aA /
_bTRIf
100 _aTrias Fernanda
_eautora
_942944
245 _aNo soƱaras flores /
_cFernanda Trias
942 _2ddc
_cBK
999 _c30340
_d16724